| 000 | 01991cam a22003855i 4500 | ||
|---|---|---|---|
| 999 |
_c27167 _d27139 |
||
| 001 | 016510692 | ||
| 003 | Uk | ||
| 005 | 20190214152818.0 | ||
| 008 | 120907s2013 ilua frb 001 0 eng d | ||
| 015 |
_aGBB3B7128 _2bnb |
||
| 016 | 7 |
_a016510692 _2Uk |
|
| 020 | _a9780867155655 (hardcover) | ||
| 020 | _a0867155655 (hardcover) | ||
| 035 | _a(DNLM)101591775 | ||
| 040 |
_aDNLM/DLC _cDLC _dDLC _dUk _dEG-ScBUE _beng |
||
| 082 | 0 | 4 |
_a616.075722 _222 _bATL |
| 100 | 1 | 0 | _aMiles, Dale A. |
| 245 | 1 | 0 |
_aAtlas of cone beam imaging for dental applications / _cDale A. Miles. |
| 250 | _a2nd ed. | ||
| 264 | 1 |
_aHanover Park, Illinois : _bQuintessence Publishing Co, Inc., _cc.2013. |
|
| 300 |
_avii, 399 pages : _billustrstions (some col.) ; _c29 cm. |
||
| 336 |
_atext _2rdacontent |
||
| 337 |
_aunmediated _2rdamedia |
||
| 338 |
_avolume _2rdacarrier |
||
| 500 | _aRev. ed. of: Color atlas of cone beam volumetric imaging for dental applications / Dale A. Miles. c2008. | ||
| 504 | _aIncludes bibliographical references and index. | ||
| 505 | 0 | _aCone beam computed tomography in clinical practice -- Basic principles of cone beam computed tomography -- Anatomic structures in cone beam images -- Airway analysis -- Dental findings -- Impacted teeth -- Implant site assessment -- Odontogenic lesions -- Orthodontic assessment -- Orthognathic surgery and trauma imaging -- Paranasal sinus evaluation -- Temporomandibular joint evaluation -- Systemic findings -- Vertebral body evaluation -- Selected cases from radiology practice -- Clinical endodontics -- Risk and liability. | |
| 650 | 7 |
_aTeeth _2BUEsh _xTomography _vAtlases. _942034 |
|
| 650 | 7 |
_2BUEsh _aStomatognathic Diseases _xradiography _vAtlases _942035 |
|
| 650 | 7 |
_aCone-Beam Computed Tomography _xmethods _vAtlases. _942036 |
|
| 653 |
_bDDent _cFebruary2019 |
||
| 700 | 1 |
_aMiles, Dale A. _tColor atlas of cone beam volumetric imaging for dental applications. |
|
| 942 |
_2ddc _cBB |
||